|
|
|
|
| LEADER |
00000nam0a2200000 4500 |
| 001 |
37717 |
| 005 |
20231101210441.0 |
| 035 |
|
|
|a (RuTPU)RU\TPU\book\38307
|
| 090 |
|
|
|a 37717
|
| 100 |
|
|
|a 20020129d1982 km y0rusy50 ca
|
| 101 |
0 |
|
|a rus
|
| 102 |
|
|
|a RU
|
| 105 |
|
|
|a a z 001zy
|
| 200 |
1 |
|
|a Охрана окружающей среды на предприятиях атомной промышленности
|f под ред. Б. Н. Ласкорина
|
| 210 |
|
|
|a Москва
|c Энергоиздат
|d 1982
|
| 215 |
|
|
|a 201 с.
|c ил.
|
| 320 |
|
|
|a Библиогр.: с. 198-200.
|
| 606 |
1 |
|
|a Ядерная (атомная) энергетика и окружающая среда
|2 stltpush
|3 (RuTPU)RU\TPU\subj\72386
|9 85935
|
| 610 |
1 |
|
|a атомные электростанции
|
| 610 |
1 |
|
|a АЭС
|
| 610 |
1 |
|
|a атомная промышленность
|
| 610 |
1 |
|
|a окружающая среда
|
| 610 |
1 |
|
|a охрана
|
| 610 |
1 |
|
|a защита
|
| 610 |
1 |
|
|a отходы
|
| 610 |
1 |
|
|a воздух
|
| 610 |
1 |
|
|a населенные пункты
|
| 610 |
1 |
|
|a водные ресурсы
|
| 610 |
1 |
|
|a благоустройство
|
| 675 |
|
|
|a 621.039
|v 3
|
| 702 |
|
1 |
|a Ласкорин
|b Б. Н.
|g Борис Николаевич
|4 340
|
| 801 |
|
1 |
|a RU
|b 63413507
|c 20020129
|g PSBO
|
| 801 |
|
2 |
|a RU
|b 63413507
|c 20150302
|g PSBO
|
| 900 |
|
|
|a Природоохранные технологии на АЭС
|
| 942 |
|
|
|c BK
|